书目信息 |
| 题名: |
操纵
|
|
| 作者: | 周倩 著 | |
| 分册: | ||
| 出版信息: | 北京 大众文艺出版社 2010.07 |
|
| 页数: | 251页 | |
| 开本: | 25cm | |
| 丛书名: | ||
| 单 册: | ||
| 中图分类: | I247.54 | |
| 科图分类: | ||
| 主题词: | 长篇小说 , 长篇小说--中国--当代 | |
| 电子资源: | ||
| ISBN: | 978-7-80240-658-2 | |
| 000 | 00685nam0 2200253 450 | |
| 001 | 1155155464 | |
| 005 | 20111207152010.84 | |
| 010 | @a978-7-80240-658-2@dCNY26.80 | |
| 090 | @aI247.54@bzq | |
| 096 | @aI247.54@bzq | |
| 100 | @a20100921d2010 em y0chiy50 ea | |
| 101 | 0 | @achi |
| 102 | @aCN@b110000 | |
| 105 | @ay z 000ay | |
| 200 | 1 | @a操纵@9cao zong@b专著@f周倩著 |
| 210 | @a北京@c大众文艺出版社@d2010.07 | |
| 215 | @a251页@d25cm | |
| 300 | @a全中国第一部最真实的资本圈高端博弈小说 | |
| 606 | 0 | @a长篇小说 |
| 606 | 0 | @a长篇小说@y中国@z当代 |
| 690 | @aI247.54@v4 | |
| 701 | 0 | @a周倩@c(股票)@9zhou qian@4著 |
| 801 | 0 | @aCN@bJL@c20100824 |
| 905 | @aZUCC@dI247.54@eZ785 | |
| 操纵/周倩著.-北京:大众文艺出版社,2010.07 |
| 251页;25cm |
| 全中国第一部最真实的资本圈高端博弈小说 |
| ISBN 978-7-80240-658-2:CNY26.80 |
| ● |
| 相关链接 |
|
|
|
正题名:操纵
索取号:I247.54/Z785
 
预约/预借
| 序号 | 登录号 | 条形码 | 馆藏地/架位号 | 状态 | 备注 |
| 1 | 827326 | 208273269 | 文学库108/108文学库 45排4列5层/ [索取号:I247.54/Z785] | 在馆 | |
| 2 | 827327 | 208273278 | 社科二线400B/400B社科库 19排2列3层/ [索取号:I247.54/Z785] | 在馆 | |
| 3 | 827328 | 208273287 | 文学库108/108文学库 45排4列5层/ [索取号:I247.54/Z785] | 在馆 |